Sanat - "Ankeet tanssiaiset" - Tupe - Statistics

Yleistilastot
  • Tätä visaa on pelattu 24 kertaa
  • Keskiarvotulos 141 / 214
Vastaustilastot
Vastaus % Oikein
ankeet
100%
Ankeet
100%
ja
100%
Ja
100%
Pidetään
100%
100%
tanssiaiset
100%
aamu
89%
89%
mennään
89%
ne
89%
neljään
89%
sit
89%
ulos
89%
ku
84%
vast
84%
Kun
79%
kun
79%
olin
79%
paskiaiset
79%
Haukutaan
74%
jotka
74%
meidät
74%
Ootetaan
74%
Se
74%
se
74%
tuhosi
74%
korvaamaton
68%
on
68%
viinii
68%
Itketään
63%
lämmintä
63%
olit
63%
vaik
63%
voida
63%
et
58%
joskus
58%
kaikki
58%
kii
58%
korjaamaton
58%
vaa
58%
vaikka
58%
verhot
58%
yhdes
58%
elää
53%
huonosti
53%
kaikille
53%
Keskellä
53%
luonnollist
53%
mun
53%
ok
53%
Sanoit
53%
vaan
53%
en
47%
haluat
47%
kaikenlaiset
47%
Ni
47%
olla
47%
päivää
47%
päivään
47%
päiväni
47%
tuol
47%
katoo
42%
kokonaan
42%
maton
42%
muutamaan
42%
Voidaan
42%
yhdessä
42%
kesken
37%
korvas
37%
laiskuutta
37%
mainoslehdet
37%
Mut
37%
päiväsi
37%
tahdoit
37%
Fixiin
32%
järjestyy
32%
järkeilyy
32%
kuuntele
32%
meinaan
32%
menny
32%
noussu
32%
sängyst
32%
Tahdon
32%
kouluun
26%
mäkään
26%
sillä
26%
sanoin
21%
Tiiän
21%
eipäili
0%
Ehtoja vastaavia visoja ei löytynyt
Tulosjakauma
Jokaisen tuloksen saaneiden osuus
Persentiili vastausten määrän mukaan
Tuloshistoriasi
Et ole pelannut tätä visaa